Strategic Review for Southern Africa

Bibliographic Details
Format: Journal
Language:English
Published: Pretoria : University of Pretoria, 1979-
Subjects:
Online Access:http://www.vlex.com/source/7252

MARC

LEADER 00000nas a22000007a 4500
005 20130322132627.0
007 cr|||| ||||
008 130322c19799999sa fr|p s|||| 0|||a1eng d
022 |a 10131108  
035 |a 7252 
040 |a vLex 
090 |c 3997  |d 3997 
245 0 0 |a Strategic Review for Southern Africa  |h [Recurso electrn̤ico]  
256 |a Servicio en ln̕ea 
260 |a Pretoria :  |b University of Pretoria,   |c 1979- 
300 |a 1 Recurso electrn̤ico 
506 |d vLex Global  |d vLex Global (Academic Edition, excluding Law Schools)  |d vLex Global (U.S. Academic Edition, Law Schools)  |d vLex Global (U.S. Academic Edition, excluding Law Schools)  |d vLex Global (Academic Edition, Law Schools) 
650 0 4 |a Defensa  |v Revistas 
650 0 4 |a Ciencias polt̕icas  |v Revistas 
740 |a vLex Revistas (Servicio en ln̕ea) 
856 |a Acceso restringido  |u http://www.vlex.com/source/7252 
942 |c REV 
999 0 |a Defense